| LEADER |
00739nam0a2200217 450 |
| 001 |
16813088 |
| 010 |
|
|
|a 978-2-266-20653-2
|b br.
|d 19
|
| 100 |
|
|
|a 20110902d2026 u u0frey01 ba
|
| 101 |
1 |
|
|a fre
|c fre
|
| 102 |
|
|
|a FR
|
| 200 |
0 |
|
|a nouveau règne (Un)
|f Licia Troisi
|g traduit de l'italien par Agathe Sanz
|
| 207 |
|
1 |
|a
|
| 210 |
|
|
|a Paris
|c Pocket Jeunesse
|d impr. 2011
|
| 215 |
|
|
|a 1 vol. (548 p.)
|c couv. ill. en coul.
|d 23 cm
|
| 225 |
1 |
|
|a Guerres du Monde émergé
|v livre
|
| 461 |
|
0 |
|t Guerres du Monde émergé
|v 3
|
| 700 |
|
0 |
|a Troisi
|b Licia
|4 70
|
| 702 |
|
0 |
|a Sanz
|b Agathe
|4 730
|
| 900 |
|
|
|a Roman Jeunesse
|
| 901 |
|
|
|a Accessible au prêt
|
| 995 |
|
|
|a Bibliothèque
|c Bibliothèque
|f 024013086
|h 024013086
|k J TRO
|o p
|q j
|r az
|e Bibliothèque
|